000
00298nam a22001337a 4500
020
_a
978-81-264-1681-3
082
_a
823
_b
SEE/T
100
_a
SEETHA
245
_a
THE ELVES AND THE SHOEMAKER
260
_a
KOTTAYAM
_b
DC BOOKS
300
_a
29
650
_a
ENGLISH SHORT STORY
_z
KERALA
942
_c
BK
999
_c
3280
_d
3280